| 000 | 00601nam a22001817a 4500 | ||
|---|---|---|---|
| 005 | 20251108172644.0 | ||
| 008 | 250721s1998 xx 000 0 ara d | ||
| 082 | 1 | 4 | _a910/كبا |
| 100 | 1 | _aسعيد، فوزي | |
| 245 | 1 | 0 | _aمقدمة في نظم المعلومات الجغرافية وتطبيقاتها الحضرية والبيئية / |
| 264 | 1 |
_aبيروت : _bدار الفكر العربي، _c1998. |
|
| 300 | _a168 ص | ||
| 650 | 1 | 7 | _aالتحليل الإقليمي |
| 650 | 1 | 7 | _aعلم المعلومات |
| 650 | 1 | 7 | _aرسم الخرائط |
| 942 |
_2ddc _cBK |
||
| 999 |
_c85107 _d85107 |
||